| 000 | 00448nam a2200145 i 4500 | ||
|---|---|---|---|
| 001 | 59878 | ||
| 003 | ES-MaACL | ||
| 007 | t| | ||
| 008 | 031031s1926 cu ||||1| spa d | ||
| 100 | 1 |
_aErasmo Callorda, Pedro. _947349 |
|
| 245 | 1 | 0 |
_aIdea de una Liga que responda a los conceptos Panamericanos del Congreso de Bolivar / _cPedro Erasmo Callorda. |
| 260 |
_aLa Habana : _bHermes, _c1926. |
||
| 300 |
_a88 p. ; _c24 cm. |
||
| 852 |
_aES-MaACL _jB-4967 |
||
| 999 |
_c59878 _d59878 |
||